Дело о доставлении во второе отделение Собственной его императорского величества канцелярии списков с узаконений

Доступно только в Электронных читальных залах Найти на картеНа карте
RUSMARC
00003745nmc2a22000003x 450
0018e1033ac-3251-4c26-934f-449f219fc047
00520181224160239.0
100##$a20170626l18451845k l0rusy0189 ca
1010#$arus
102##$aRU
2001#$aДело о доставлении во второе отделение Собственной его императорского величества канцелярии списков с узаконений
$j17 мая - 21 июня 1845 г.
251##$cДело
300##$aПо Канцелярии директора за 1845 год
300##$aДело
801#0$aRU
$bРГИА
$c20170626
$gRCR
801#1$aRU
$bГлавНИВЦ
$c20170626
$2rusmarc
801#2$aRU
$bПБ им. Б.Н. Ельцина
$c20181224
$gRCR
$2rusmarc
850##$aРГИА
852##$aРГИА
$eФедеральное казенное учреждение "Российский государственный исторический архив" (РГИА)
$j10545
937##$hРГИА
$d12245295
$aASBIBLIO_SCAN
462#0$1001dd3991dc-24e1-42ec-8838-ca4255420416
$12001
$a1746-1850 гг.
$1251
$cОпись
$1852
$j1
461#0$10019264ebf8-de62-4f1a-9eb4-9f22098dbbd5
$12001
$aДирекция императорских театров МИДв
$1251
$cФонд
$1852
$j497
215##$a7 л.
$d36,5х26 см
371##$aДокумент не является опубликованным и широко распространяемым
105##$ay###
1222#$ad
035##$a8e1033ac-3251-4c26-934f-449f219fc047
856##$uhttp://readingroom.main.prlib.ru/item.aspx?id_node=n122248371&mode=full
Формат отображения